| 000 | 00441nam a22001337a 4500 | ||
|---|---|---|---|
| 008 | 230615b |||||||| |||| 00| 0 eng d | ||
| 040 |
_aNational Science Library _cNational Science Library |
||
| 080 |
_a62(063) _bK5 |
||
| 245 |
_aSouvenir _c/ Institute of Consulting Engineers |
||
| 260 |
_aCalcutta: _bInstitute of Consulting Engineers, _c1965 |
||
| 650 | _aForeign exchange position | ||
| 653 | _aMonetary trends | ||
| 942 |
_2udc _cREF |
||
| 999 |
_c43803 _d43803 |
||